000 00798nas a2200229 4500
001 BR8705919
003 BR-BrBNA
005 20231205090822.0
007 ta
008 230509b bl.|||p| |||| 00| 00por d
040 _aBR-BrBNA
_bpor
_cBiblioteca Nacional de Agricultura
041 _a(Pt)
072 _aL72
100 1 _aFreire, N.M.S.
245 1 _aEpidemiologia de Amblyomma cajenense: ocorrencia estacional e comportamento dos estadios nao-parasitarios em pastagens do Estado do Rio de Janeiro
650 _aCARRAPATO
650 _aEPIDEMIA
650 _aRIO DE JANEIRO
773 0 _tArquivos da Universidade Federal Rural do Rio de Janeiro (Brazil)
_xISSN 0100-2481
_g(Jul-Dec 1982), v. 5(2) p. 187-193
_wBR8705919
909 _a202311
_bLúcia
_c55
_dLúcia Elande
942 _2AGRIS
_n0
_cANA
999 _c121055
_d121055